Beyond Words: What Animals Think and Feel (Record no. 3565)

MARC details
000 -LEADER
fixed length control field 00389nam a22001457a 4500
008 - FIXED-LENGTH DATA ELEMENTS--GENERAL INFORMATION
fixed length control field 250520b |||||||| |||| 00| 0 eng d
020 ## - INTERNATIONAL STANDARD BOOK NUMBER
ISBN 9781788164238
100 ## - MAIN ENTRY--AUTHOR
Author Safina Carl
245 ## - TITLE STATEMENT
Title Beyond Words: What Animals Think and Feel
260 ## - PUBLICATION, DISTRIBUTION, ETC. (IMPRINT)
Place of publication London
Name of publisher Souvenir Press
Date of publication 2020
300 ## - COLLATION
Pagination 461p.
650 ## - TRACINGS
Main Subject Animal Psychology
Subdivision (1st) Animal Behaviour
942 ## - ADDED ENTRY ELEMENTS (KOHA)
Item type Books
050 ## - LIBRARY OF CONGRESS CALL NUMBER
Classification number QL785
Item number .S34
Holdings
Source of classification or shelving scheme Not for loan Permanent location Current location Date acquired Accession No. Full call number Barcode. Koha item type
Library of Congress Classification   Samuel Ogbemudia Main Library, University of Abuja Samuel Ogbemudia Main Library, University of Abuja 05/20/2025 2024/63942 QL785.S34 2025-2035 Books